Etudes bouddhistes et rêveries exotiques

Сохранить в:
Библиографические подробности
Главный автор: Hearn, Lafcadio (Автор)
Формат:
Язык:французский
Опубликовано: París Mercvre de France 1930
Предметы:
Метки: Добавить метку
Нет меток, Требуется 1-ая метка записи!

MARC

LEADER 00000nam a2200000 a 4500
001 UCP5291
003 CL-VaPUC
008 990903e19300000FR |||||||||||||||||fre|d
082 0 4 |a 294.3  |b HEA  |2 21 
100 |a Hearn, Lafcadio  |e author  |9 597792 
245 1 0 |a Etudes bouddhistes et rêveries exotiques 
300 |a 321 p 
942 |c BK 
945 |d 19990903 00:00:00  |a crobeson 
260 |a París  |b Mercvre de France  |c 1930 
650 7 |a BUDISMO  |2 CL-VaPUC  |9 433610 
650 0 |a Budismo zen  |9 319173 
650 0 |a Filosofía oriental  |9 319113 
583 |a last modification  |c 19990903 00:00:00  |k Rodrigo Vera 
999 |c 283059  |d 283057 
952 |0 0  |1 0  |4 0  |6 294_300000000000000_HEA_1930  |7 0  |8 X  |9 325814  |a BIBHIS  |b BIBHIS  |d 2019-11-20  |i 1357190  |o 294.3 HEA 1930  |p 1357190  |r 2024-01-30  |w 2019-11-20  |y BK_X  |k HIS